| Tag |
First Indicator |
Second Indicator |
Subfields |
| LEADER |
00000cam a2200000 a 4500 |
| 001 |
in00000020715 |
| 005 |
20151007055441.0 |
| 008 |
871113s1987 enk 00110 eng d |
| 020 |
|
|
|a 0333441079
|
| 020 |
|
|
|a 0333441087 (pbk.)
|
| 035 |
|
|
|a (OCoLC)16977321
|
| 035 |
|
|
|9 AAB8278AM
|
| 040 |
|
|
|a RCE
|c RCE
|d TXA
|d UtOrBLW
|
| 049 |
|
|
|a TXAM
|c [A11074483]
|
| 050 |
|
4 |
|a JC474
|b .W48 1987b
|
| 100 |
1 |
|
|a White, Stephen,
|d 1945-
|
| 245 |
1 |
0 |
|a Communist political systems :
|b an introduction /
|c Stephen White, John Gardner, George Schöpflin.
|
| 250 |
|
|
|a 2nd ed.
|
| 264 |
|
1 |
|a Basingstoke, Hampshire :
|b Macmillan Education,
|c 1987.
|
| 300 |
|
|
|a xi, 319 pages ;
|c 23 cm.
|
| 336 |
|
|
|a text
|b txt
|2 rdacontent
|
| 337 |
|
|
|a unmediated
|b n
|2 rdamedia
|
| 338 |
|
|
|a volume
|b nc
|2 rdacarrier
|
| 490 |
1 |
|
|a Comparative government and politics
|
| 504 |
|
|
|a Bibliography: pages 297-311.
|
| 500 |
|
|
|a Includes index.
|
| 650 |
|
0 |
|a Communist state.
|
| 651 |
|
0 |
|a Communist countries
|x Politics and government.
|
| 700 |
1 |
|
|a Gardner, John,
|d 1939-
|
| 700 |
1 |
|
|a Schöpflin, George.
|
| 830 |
|
0 |
|a Comparative government and politics.
|
| 999 |
|
|
|a MARS
|
| 999 |
f |
f |
|s a35855c6-d719-3de1-b18e-f6361e07c254
|i 3ee9fbdb-f305-37b7-9a3c-6693306aca21
|t 0
|
| 952 |
f |
f |
|p ric
|a Texas A&M University
|b Rellis Campus
|c Joint Library Facility
|d Remote Storage
|t 0
|e JC474 .W48 1987b
|h Library of Congress classification
|i unmediated -- volume
|m A14811074483
|
| 998 |
f |
f |
|a JC474 .W48 1987b
|t 0
|l Remote Storage
|